Rušivé vlivy elektrických trakčních zařízení, jejich eliminace a elektromagnetická kompaktibilita v pátek 21.5. 2010 od 9.15 hod na Dopravní fakultě Jana Pernera, Univerzity Pardubice

Korporativní autor: Univerzita Pardubice. Katedra elektrotechniky, elektroniky a zabezpečovací techniky v dopravě
Další autoři: Rušivé vlivy elektrických trakčních zařízení, jejich eliminace a elektromagnetická kompatibilita
Jazyk: Čeština
Vydáno: Pardubice : Univerzita Pardubice, 2010
Témata:
Fyzický popis: 1 CD-ROM
Knihy
Uloženo v:
LEADER 01883nam a2200409 a 4500
001 001109897
003 CZ BrMZK
005 20101129162349.0
006 m||||||||d||||||||
007 co^cg
008 100810s2010 xr f 10| 0 cze
015 |a cnb002111260 
020 |a 978-80-7395-255-6  |q (CDR) 
040 |a BOA001  |b cze 
072 7 |a 621.3  |x Elektrotechnika  |2 Konspekt  |9 19 
080 |a 621.33  |2 MRF 
080 |a 629.423  |2 MRF 
080 |a 621.37-021.29  |2 MRF 
080 |a (062.534)  |2 MRF 
080 |a (0.034.44)  |2 MRF 
111 2 |a Rušivé vlivy elektrických trakčních zařízení, jejich eliminace a elektromagnetická kompatibilita  |d (2010 :  |c Pardubice, Česko)  |7 olak2010597082 
245 1 0 |a Rušivé vlivy elektrických trakčních zařízení, jejich eliminace a elektromagnetická kompaktibilita  |h [elektronický zdroj] :  |b v pátek 21.5. 2010 od 9.15 hod na Dopravní fakultě Jana Pernera, Univerzity Pardubice 
260 |a Pardubice :  |b Univerzita Pardubice,  |c 2010 
300 |a 1 CD-ROM 
500 |a Nad názvem: Univerzita Pardubice, Dopravní fakulta Jana Pernera, katedra elektrotechniky, elektroniky a zabezpečovací techniky v dopravě 
500 |a Název z tit. obrazovky 
538 |a Požadavky na systém: Adobe Acrobat Reader 
650 0 7 |a elektrická trakce  |7 ph119848  |2 czenas 
650 0 7 |a elektrická trakční vozidla  |7 ph119849  |2 czenas 
650 0 7 |a elektromagnetická kompatibilita  |7 ph119880  |2 czenas 
655 7 |a sborníky konferencí  |7 fd133333  |2 czenas 
655 7 |a CD-ROM  |7 fd133955  |2 czenas 
710 2 |a Univerzita Pardubice.  |b Katedra elektrotechniky, elektroniky a zabezpečovací techniky v dopravě  |7 mzk2004227108 
910 |a BOA001  |b CDR-1246.271 
990 |a BK 
991 |b 201011  |c NOV  |e n 
996 3 |b 2610445322  |c CDR-1246.271  |l Stud. periodik/2.patro  |r Sklad / do 1 hodiny  |n 0  |p p.v.  |w 001138174  |u 000010  |a 1  |e BOA001  |j MZK50  |s N